000 00515cam a2200205u 4500
001 6406692
005 20180221034114.0
008 830309s1930 nyu 000 0 eng
010 _a 30028735
040 _aDLC
_cCarP
_dDLC
041 _aeng
080 _a33 ELY
082 _a33 ELY
100 1 _a52
101 _aEKO
245 1 0 _aQuestions and problems to accompany Ely's Outlines of economics
906 _a0
_bcbc
_cpremunv
_du
_encip
_f19
_gy-gencatlg
942 _2ddc
_cBK
999 _c42984
_d42984